Principles of biochemistry (Record no. 8585)

000 -LEADER
fixed length control field 00232nam a22001217a 4500
040 ## - CATALOGING SOURCE
Transcribing agency SK
082 ## - DEWEY DECIMAL CLASSIFICATION NUMBER
Classification number 574
100 ## - MAIN ENTRY--AUTHOR NAME
Personal name DAVID L
245 ## - TITLE STATEMENT
Title Principles of biochemistry
260 ## - PUBLICATION, DISTRIBUTION, ETC. (IMPRINT)
Place of publication DAMAGE
Name of publisher DAV
Year of publication NA
300 ## - PHYSICAL DESCRIPTION
Number of Pages 482p.
942 ## - ADDED ENTRY ELEMENTS (KOHA)
Koha item type សៀវភៅភាសាអង់គ្លេស
952 ## - LOCATION AND ITEM INFORMATION (KOHA)
Withdrawn status [LOCAL, KOHA] 0
952 ## - LOCATION AND ITEM INFORMATION (KOHA)
Withdrawn status [LOCAL, KOHA] 0
952 ## - LOCATION AND ITEM INFORMATION (KOHA)
Withdrawn status [LOCAL, KOHA] 0
952 ## - LOCATION AND ITEM INFORMATION (KOHA)
Withdrawn status [LOCAL, KOHA] 0
952 ## - LOCATION AND ITEM INFORMATION (KOHA)
Withdrawn status [LOCAL, KOHA] 0
952 ## - LOCATION AND ITEM INFORMATION (KOHA)
Withdrawn status [LOCAL, KOHA] 0
952 ## - LOCATION AND ITEM INFORMATION (KOHA)
Withdrawn status [LOCAL, KOHA] 0
952 ## - LOCATION AND ITEM INFORMATION (KOHA)
Withdrawn status [LOCAL, KOHA] 0
Holdings
Permanent Location Date acquired Koha item type Lost status Shelving location Barcode Current Location Full call number
Library Block C2016-08-05សៀវភៅភាសាអង់គ្លេស C165RUA045970Library Block C574 DAV NA C165
Library Block C2016-08-05សៀវភៅភាសាអង់គ្លេស C165RUA045388Library Block C574 DAV NA C165
Library Block C2016-08-05សៀវភៅភាសាអង់គ្លេស C162RUA045834Library Block C574 DAV NA C162
Library Block C2016-08-05សៀវភៅភាសាអង់គ្លេស C164RUA045748Library Block C574 DAV NA C164
Library Block C2016-08-05សៀវភៅភាសាអង់គ្លេស C236RUA045126Library Block C574 DAV NA C236
Library Block C2016-08-08សៀវភៅភាសាអង់គ្លេស C164RUA045613Library Block C574 DAV NA C164
Library Block C2016-08-08សៀវភៅភាសាអង់គ្លេស C164RUA045618Library Block C574 DAV NA C164
Library Block C2016-08-08សៀវភៅភាសាអង់គ្លេស C164RUA062526Library Block C574 DAV NA C164
មជ្ឈមណ្ឌលឯការនៃសាកលវិទ្យាល័យភូមិន្ទកសិកម្មចំការដូង

Powered by Koha